[Event "Ubeda op 6th"]
[Site "Ubeda"]
[Date "2001.01.29"]
[Round "9.5"]
[White "Golod, Vitali"]
[Black "Anastasian, Ashot"]
[Result "0-1"]
[WhiteElo "2591"]
[BlackElo "2548"]
[PlyCount "84"]
[EventDate "2001.01.21"]
[Source "ChessBase"]
[SourceDate "2001.03.08"]

1. d4 Nf6 2. c4 e6 3. Bg5 h6 4. Bh4 c5 5. d5 d6 6. Nc3 Be7 7. Nf3 O-O 8. Bg3 exd5 9. cxd5 Nh5 10. e3 Nd7 11. Be2 Re8 12. Nd2 Nxg3 13. hxg3 Bf8 14. Nc4 g6 15. a3 Nb6 16. Rh4 Bg7 17. Rc1 Nxc4 18. Rxc4 a6 19. Kf1 b5 20. Rh4 Bd7 21. Bg4 Rc8 22. Bxd7 Qxd7 23. Qd2 c4 24. Re4 a5 25. Rxe8+ Qxe8 26. Ne2 Qe5 27. Rc2 Qf5 28. f3 Re8 29. Kf2 h5 30. a4 Rb8 31. e4 Qd7 32. Qxa5 bxa4 33. Nc3 Qe7 34. Qxa4 h4 35. Qxc4 Qa7+ 36. Ke2 hxg3 37. Kd3 Qg1 38. Re2 Qf1 39. Kc2 Be5 40. Qd3 Qa1 41. Nd1 Bxb2 42. Qd2 Bc1 0-1

[Event "ISR-ch"]
[Site "Ramat Aviv/Modiin"]
[Date "2000.12.17"]
[Round "1"]
[White "Avrukh, Boris"]
[Black "Gershon, Alik"]
[Result "1/2-1/2"]
[WhiteElo "2625"]
[BlackElo "2502"]
[PlyCount "52"]
[EventDate "2000.12.17"]
[Source "ChessBase"]
[SourceDate "2001.03.20"]

1. d4 Nf6 2. c4 e6 3. Bg5 Bb4+ 4. Nd2 O-O 5. a3 Be7 6. Qc2 d5 7. Ngf3 b6 8. e4 dxe4 9. Nxe4 Bb7 10. Bd3 h6 11. Nxf6+ Bxf6 12. Bxf6 Qxf6 13. Bh7+ Kh8 14. Be4 Bxe4 15. Qxe4 Nd7 16. Qc6 Qd8 17. Rd1 Rc8 18. O-O Nb8 19. Qb7 a5 20. Ne5 Kg8 21. Qf3 c6 22. d5 cxd5 23. cxd5 exd5 24. Rxd5 Qc7 25. Rfd1 Rfe8 26. Qg3 Rcd8 1/2-1/2

[Event "Biel MTO op"]
[Site "Biel"]
[Date "2000.07.26"]
[Round "3"]
[White "Avrukh, Boris"]
[Black "Pelletier, Yannick"]
[Result "1/2-1/2"]
[WhiteElo "2625"]
[BlackElo "2474"]
[PlyCount "113"]
[EventDate "2000.07.24"]
[Source "ChessBase"]
[SourceDate "2000.09.14"]

1. d4 Nf6 2. c4 e6 3. Bg5 h6 4. Bh4 Bb4+ 5. Nd2 c5 6. dxc5 Na6 7. Ngf3 Nxc5 8. a3 Bxd2+ 9. Nxd2 d5 10. b4 Ncd7 11. cxd5 exd5 12. Nb3 O-O 13. e3 Ne5 14. Qd4 Re8 15. Be2 Bg4 16. f3 Bf5 17. O-O Nc6 18. Qd2 Qe7 19. Bf2 a6 20. Rac1 a5 21. b5 a4 22. Nc5 Na5 23. Bd1 Nb3 24. Bxb3 axb3 25. Nxb3 Rxa3 26. Nd4 Bd3 27. Rfe1 Bc4 28. e4 dxe4 29. Rxc4 e3 30. Rxe3 Rxe3 31. Bxe3 Qxe3+ 32. Qxe3 Rxe3 33. Rc7 Rd3 34. Nf5 Rd7 35. b6 h5 36. h4 g6 37. Ne3 Kf8 38. Nc4 Re7 39. Rc8+ Re8 40. Rc7 Re7 41. Kf2 Nd5 42. Rc8+ Re8 43. Rc5 Nf4 44. Rc7 Re7 45. g4 f6 46. gxh5 Nxh5 47. Nd6 Nf4 48. h5 Nd5 49. Rc5 Nxb6 50. Rb5 Nd7 51. hxg6 Ne5 52. Nf5 Rd7 53. g7+ Kg8 54. Ra5 Nc6 55. Ra8+ Rd8 56. Ra4 Rd5 57. Ra8+ 1/2-1/2

[Event "St Petersburg-ch 73rd"]
[Site "St Petersburg"]
[Date "2000.04.12"]
[Round "10"]
[White "Ivanov, Sergey"]
[Black "Aseev, Konstantin N"]
[Result "1/2-1/2"]
[WhiteElo "2543"]
[BlackElo "2517"]
[PlyCount "61"]
[EventDate "2000.04.03"]
[Source "ChessBase"]
[SourceDate "2000.07.27"]

1. d4 Nf6 2. c4 e6 3. Bg5 Bb4+ 4. Nd2 h6 5. Bh4 c5 6. a3 Bxd2+ 7. Qxd2 cxd4 8. Nf3 Nc6 9. Nxd4 Ne4 10. Bxd8 Nxd2 11. Nxc6 dxc6 12. Kxd2 Kxd8 13. Kc3 c5 14. g3 Bd7 15. Bg2 Kc7 16. Rhd1 Bc6 17. Bxc6 Kxc6 18. Rd3 Rhd8 19. Rad1 Rxd3+ 20. Rxd3 a5 21. e4 b6 22. e5 h5 23. h3 a4 24. b3 axb3 25. Kxb3 Rb8 26. f4 Kc7 27. Re3 Rg8 28. h4 g6 29. Kc2 Ra8 30. Kb3 Rg8 31. Kc2 1/2-1/2

[Event "Capablanca mem-A"]
[Site "Cienfuegos"]
[Date "1986.??.??"]
[Round "10"]
[White "Garcia Palermo, Carlos"]
[Black "Garcia Gonzales, Guillermo"]
[Result "1/2-1/2"]
[WhiteElo "2550"]
[BlackElo "2495"]
[PlyCount "28"]
[EventDate "1986.05.??"]
[Source "ChessBase"]

1. d4 Nf6 2. c4 e6 3. Bg5 Bb4+ 4. Nd2 h6 5. Bxf6 Qxf6 6. Ngf3 O-O 7. e3 d6 8. Be2 e5 9. O-O Bxd2 10. Qxd2 Bg4 11. h3 Bh5 12. b4 e4 13. Nh2 Bxe2 14. Qxe2 Nd7 1/2-1/2

[Event "2. Dato' Arthur Tan Malaysian Open"]
[Site "?"]
[Date "2005.08.23"]
[Round "7"]
[White "Abdulla Al-Rakib"]
[Black "Kunte Abhijit"]
[Result "1/2-1/2"]
[WhiteElo "2462"]
[BlackElo "2561"]
[PlyCount "34"]
[EventDate "2005.??.??"]
[Source "www.chesslib.no"]
[SourceDate "2004.05.04"]

1. d4 Nf6 2. c4 e6 3. Bg5 h6 4. Bh4 b6 5. Nf3 Bb7 6. e3 Be7 7. Nc3 c5 8. Be2 O-O 9. Bg3 cxd4 10. Qxd4 Nc6 11. Qd1 Na5 12. O-O Rc8 13. b3 d5 14. cxd5 Nxd5 15. Nxd5 Qxd5 16. Qxd5 Bxd5 17. Ba6 Bb7 1/2-1/2

[Event "It \"]
[Site "Brno (Czech Republic)"]
[Date "2007.07.05"]
[Round "7"]
[White "Bernasek Jan (CZE)"]
[Black "Polak Tomas (CZE)"]
[Result "1-0"]
[WhiteElo "2509"]
[BlackElo "2510"]
[PlyCount "107"]
[EventDate "2007.??.??"]
[Source "www.chesslib.no"]
[SourceDate "2004.05.04"]

1. d4 Nf6 2. c4 e6 3. Bg5 h6 4. Bh4 Bb4+ 5. Nd2 b6 6. Ngf3 Bb7 7. a3 Be7 8. Qc2 c5 9. e3 cxd4 10. exd4 Nc6 11. b4 Rc8 12. Qb2 O-O 13. Be2 Nh5 14. Bxe7 Nxe7 15. g3 Rc7 16. O-O d6 17. a4 Nf6 18. Rfe1 Qb8 19. a5 Rfc8 20. Qa3 Ne4 21. Nxe4 Bxe4 22. Nd2 Bb7 23. Bg4 Rd8 24. b5 Ng6 25. Bh5 Nf8 26. Rec1 Nd7 27. Bf3 Bxf3 28. Nxf3 bxa5 29. Qxa5 Qb6 30. Qb4 Rb8 31. Rcb1 Rbc8 32. Rc1 Rb8 33. Ra5 e5 34. Rca1 exd4 35. Ra6 Qc5 36. Qxc5 dxc5 37. Rxa7 Rbb7 38. Rxb7 Rxb7 39. Ra6 Rb8 40. Ra7 Nb6 41. Nd2 Ra8 42. Rxa8+ Nxa8 43. Nb3 Nb6 44. Nxc5 Nxc4 45. Kf1 Kf8 46. Ke2 Ke7 47. Kd3 Na3 48. b6 Kd6 49. b7 Kc7 50. Kxd4 Nb5+ 51. Kd5 Nc3+ 52. Kc4 Nb1 53. Kb5 Nc3+ 54. Ka6 1-0

[Event "Goodricke 13th op"]
[Site "Calcutta"]
[Date "2002.03.19"]
[Round "3"]
[White "Abdulla, Al Rakib"]
[Black "Sulskis, Sarunas"]
[Result "0-1"]
[WhiteElo "2432"]
[BlackElo "2579"]
[PlyCount "44"]
[EventDate "2002.03.17"]
[Source "ChessBase"]
[SourceDate "2002.03.21"]

1. d4 Nf6 2. c4 e6 3. Bg5 c5 4. d5 exd5 5. cxd5 h6 6. Bh4 Qb6 7. Nc3 Qxb2 8. Bxf6 gxf6 9. Rc1 f5 10. e3 d6 11. Bb5+ Nd7 12. Nge2 Qb4 13. O-O Bg7 14. Qd3 O-O 15. Bxd7 Bxd7 16. Rb1 Qa5 17. Rxb7 Bc8 18. Rb3 Ba6 19. Nb5 Rab8 20. Rfb1 c4 21. Qxc4 Rfc8 22. Qd3 Rc5 0-1

[Event "Belgorod-B"]
[Site "Belgorod RUS"]
[Date "1991.??.??"]
[Round "?"]
[White "Sherbakov, Ruslan"]
[Black "Karpman, Vadim"]
[Result "1/2-1/2"]
[WhiteElo "2505"]
[BlackElo "2475"]
[PlyCount "26"]
[EventDate "1991.??.??"]
[Source "www.chesslib.no"]
[SourceDate "2004.05.04"]

1. d4 Nf6 2. c4 e6 3. Bg5 Bb4+ 4. Nd2 h6 5. Bh4 g5 6. Bg3 Ne4 7. Ngf3 h5 8. Qc2 Nxd2 9. Nxd2 Bxd2+ 10. Kxd2 Nc6 11. h4 d6 12. Qc3 e5 13. dxe5 dxe5+ 1/2-1/2

[Event "Lloyds Bank op"]
[Site "London"]
[Date "1982.??.??"]
[Round "6"]
[White "Kortschnoj, Viktor"]
[Black "Kosten, Anthony C"]
[Result "1-0"]
[WhiteElo "2635"]
[BlackElo "2340"]
[PlyCount "77"]
[EventDate "1982.08.??"]
[Source "ChessBase"]

1. d4 Nf6 2. c4 e6 3. Bg5 c5 4. d5 exd5 5. cxd5 h6 6. Bh4 Qb6 7. Qd2 Ne4 8. Qf4 f5 9. Qxf5 Qb4+ 10. Nc3 Nd6 11. Qg6+ Nf7 12. Qe4+ Qxe4 13. Nxe4 d6 14. Nc3 a6 15. a4 g5 16. Bg3 Bg7 17. Nf3 Nd7 18. Nd2 Nf6 19. Nc4 Bf5 20. f3 Rd8 21. e4 Bg6 22. Kd2 O-O 23. Ra3 Nh5 24. Rb3 Nxg3 25. hxg3 g4 26. f4 Bxc3+ 27. Kxc3 Bxe4 28. Ne3 b5 29. axb5 axb5 30. Bxb5 Kg7 31. Rh4 Ra8 32. Ra3 Rab8 33. Bc4 Rb7 34. Rxg4+ Kf6 35. Rh4 Re8 36. g4 Bb1 37. Rh3 Rbe7 38. Kd2 Re4 39. Kc1 1-0

[Event "Rohde op"]
[Site "Sautron"]
[Date "2001.??.??"]
[Round "4"]
[White "Abdulla, Al Rakib"]
[Black "Neverov, Valeriy"]
[Result "1/2-1/2"]
[WhiteElo "2393"]
[BlackElo "2564"]
[PlyCount "85"]
[EventDate "2001.10.27"]
[Source "ChessBase"]
[SourceDate "2002.01.21"]

1. d4 Nf6 2. c4 e6 3. Bg5 h6 4. Bh4 Bb4+ 5. Nd2 c5 6. dxc5 Nc6 7. Ngf3 Bxc5 8. e3 b6 9. Bd3 Bb7 10. O-O Be7 11. a3 O-O 12. Qe2 Nh5 13. Bxe7 Qxe7 14. Rfc1 Rfc8 15. b4 a5 16. b5 Nd8 17. e4 Nf4 18. Qe3 Nxd3 19. Qxd3 Rc7 20. Qe3 Qc5 21. Qxc5 Rxc5 22. a4 Rac8 23. Nd4 d5 24. exd5 exd5 25. N4b3 R5c7 26. cxd5 Bxd5 27. Rxc7 Rxc7 28. Rc1 Rxc1+ 29. Nxc1 Kf8 30. f3 Ke7 31. Kf2 Ne6 32. Nd3 Kd6 33. Ke3 f5 34. g3 g5 35. f4 gxf4+ 36. gxf4 Nc5 37. Nb2 Bb3 38. Nbc4+ Bxc4 39. Nxc4+ Kc7 40. Nb2 Nd7 41. Kd4 Kd6 42. h3 h5 43. h4 1/2-1/2

[Event "HZ Open"]
[Site "?"]
[Date "2005.08.08"]
[Round "3"]
[White "Piceu Tom"]
[Black "Landa Konstantin"]
[Result "0-1"]
[WhiteElo "2345"]
[BlackElo "2609"]
[PlyCount "64"]
[EventDate "2005.??.??"]
[Source "www.chesslib.no"]
[SourceDate "2004.05.04"]

1. d4 Nf6 2. c4 e6 3. Bg5 c5 4. d5 exd5 5. cxd5 h6 6. Bxf6 Qxf6 7. Nc3 d6 8. e4 g6 9. Bd3 Bg7 10. Nge2 O-O 11. O-O Na6 12. f4 Bg4 13. h3 Bd7 14. Kh2 Qh4 15. Ng3 h5 16. Qe2 Bg4 17. Qd2 Nc7 18. Rae1 Rad8 19. e5 dxe5 20. f5 Nxd5 21. Nxd5 Rxd5 22. Qe3 Rfd8 23. fxg6 Rxd3 24. gxf7+ Kf8 25. Qxc5+ R8d6 26. Ne4 b6 27. Qc7 Rd7 28. Qc8+ Rd8 29. Qc4 Bc8 30. Qc1 Bb7 31. Qg5 Qxg5 32. Nxg5 Ke7 0-1

[Event "Elbow Beach Club GM-B"]
[Site "Paget Parish"]
[Date "2001.01.22"]
[Round "4"]
[White "Tyomkin, Dimitri"]
[Black "Shahade, Gregory P"]
[Result "1/2-1/2"]
[WhiteElo "2496"]
[BlackElo "2456"]
[PlyCount "27"]
[EventDate "2001.01.19"]
[Source "ChessBase"]
[SourceDate "2001.03.20"]

1. d4 Nf6 2. c4 e6 3. Bg5 h6 4. Bh4 Bb4+ 5. Nd2 d5 6. a3 Be7 7. e3 O-O 8. Ngf3 Nbd7 9. Qc2 c5 10. cxd5 Nxd5 11. Bxe7 Qxe7 12. Bb5 cxd4 13. Nxd4 N7f6 14. O-O 1/2-1/2

[Event "Cheliabinsk"]
[Site "Cheliabinsk"]
[Date "1991.??.??"]
[Round "?"]
[White "Sherbakov, Ruslan"]
[Black "Kholmov, Ratmir D"]
[Result "1/2-1/2"]
[WhiteElo "2505"]
[BlackElo "2445"]
[PlyCount "39"]
[EventDate "1991.??.??"]
[Source "ChessBase"]

1. d4 Nf6 2. c4 e6 3. Bg5 h6 4. Bh4 Bb4+ 5. Nd2 g5 6. Bg3 b6 7. Ngf3 Bb7 8. a3 Be7 9. e3 d6 10. Qc2 c5 11. O-O-O Nbd7 12. Kb1 Qc7 13. Bd3 Nh5 14. Be4 cxd4 15. Nxd4 Nxg3 16. hxg3 a6 17. Bxb7 Qxb7 18. Ne4 Nc5 19. Nxc5 bxc5 20. Nf3 1/2-1/2

[Event "Asian-ch"]
[Site "Calcutta"]
[Date "2001.08.12"]
[Round "4"]
[White "Abdulla, Al Rakib"]
[Black "Liang Chong"]
[Result "1-0"]
[WhiteElo "2393"]
[BlackElo "2556"]
[PlyCount "71"]
[EventDate "2001.08.09"]
[Source "ChessBase"]
[SourceDate "2001.11.13"]

1. d4 Nf6 2. c4 e6 3. Bg5 Bb4+ 4. Nd2 h6 5. Bh4 c5 6. dxc5 Nc6 7. Ngf3 Bxc5 8. e3 O-O 9. Be2 Be7 10. O-O a6 11. Qc2 d6 12. Rfd1 Qc7 13. Rac1 Rd8 14. h3 Bd7 15. Bg3 Qb6 16. a3 Rac8 17. b4 a5 18. c5 dxc5 19. Nc4 Qa7 20. b5 Nb8 21. b6 Qa8 22. Bc7 Re8 23. Nfe5 Bc6 24. Nxc6 Nxc6 25. Bf3 Nb8 26. Qc3 Na6 27. Be5 Rcd8 28. Nxa5 Nd5 29. Qb2 f6 30. Bg3 Nb8 31. Nc4 f5 32. Be5 Bf8 33. Bc7 Nc6 34. Bxd8 Rxd8 35. Ne5 Na5 36. Ng6 1-0

[Event "Open"]
[Site "Calcutta"]
[Date "2004.11.12"]
[Round "6"]
[White "Abdulla, Al Rakib"]
[Black "Murshed, Niaz"]
[Result "0-1"]
[WhiteElo "2474"]
[BlackElo "2468"]
[PlyCount "94"]
[EventDate "2004.11.08"]
[Source "Roberto Alvarez"]
[SourceDate "2004.12.13"]

1. d4 Nf6 2. c4 e6 3. Bg5 b6 4. e3 Bb7 5. Nc3 Be7 6. Qc2 h6 7. Bxf6 Bxf6 8. Nf3 d6 9. Bd3 Nd7 10. Be4 c6 11. O-O-O d5 12. cxd5 cxd5 13. Bd3 Rc8 14. Kb1 O-O 15. h4 Be7 16. g4 Bb4 17. g5 h5 18. g6 f5 19. Rc1 Bxc3 20. bxc3 Qe7 21. Ng5 Rc7 22. f3 Rfc8 23. Qd2 Rxc3 24. Qxc3 Rxc3 25. Rxc3 Qb4+ 26. Rb3 Qd2 27. Rc1 Nf8 28. Rc7 Qxe3 29. Rxb7 Qe1+ 30. Kb2 Qxh4 31. Nxe6 Nxe6 32. Rb8+ Nf8 33. Ra8 Qxd4+ 34. Rc3 Qf6 35. Kc2 Qxg6 36. Rcc8 Qf6 37. Rxf8+ Qxf8 38. Rxf8+ Kxf8 39. Bxf5 Ke7 40. Kd3 Kf6 41. Bd7 Ke5 42. Bc8 Kf4 43. Kd4 Kxf3 44. Kxd5 g5 45. Kc6 g4 46. Kb7 g3 47. Kxa7 g2 0-1

[Event "Highlands Open A"]
[Site "Zdar nad Sazavou CZE"]
[Date "2007.09.24"]
[Round "3"]
[White "Bernasek, J."]
[Black "Cifka, S."]
[Result "1-0"]
[WhiteElo "2517"]
[BlackElo "2410"]
[PlyCount "53"]
[EventDate "2007.09.22"]
[Source "www.chesslib.no"]
[SourceDate "2004.05.04"]

1. d4 e6 2. c4 Nf6 3. Bg5 h6 4. Bh4 Bb4+ 5. Nd2 c5 6. a3 Bxd2+ 7. Qxd2 g5 8. Bg3 Ne4 9. Qe3 Nxg3 10. hxg3 Qa5+ 11. Kd1 cxd4 12. Qxd4 e5 13. Qd6 Nc6 14. e3 e4 15. c5 Qa4+ 16. Ke1 Qc2 17. Qf6 Rg8 18. Ne2 Qxc5 19. Rxh6 d5 20. Rc1 Qa5+ 21. Rc3 Be6 22. Nd4 Nxd4 23. Qxd4 Rc8 24. Bb5+ Ke7 25. Qf6+ Kd6 26. Qxf7 Rxc3 27. Rxe6+ 1-0

[Event "It \"]
[Site "Brno (Czech Republic)"]
[Date "2007.06.29"]
[Round "1"]
[White "Bernasek Jan (CZE)"]
[Black "Brener Ilja (GER)"]
[Result "1/2-1/2"]
[WhiteElo "2509"]
[BlackElo "2414"]
[PlyCount "107"]
[EventDate "2007.??.??"]
[Source "www.chesslib.no"]
[SourceDate "2004.05.04"]

1. d4 Nf6 2. c4 e6 3. Bg5 c5 4. d5 d6 5. Nc3 Be7 6. dxe6 fxe6 7. e3 O-O 8. Bd3 Nbd7 9. Nf3 b6 10. Qc2 h6 11. Bh4 Bb7 12. Bg6 Bxf3 13. gxf3 Ne5 14. O-O-O Nxc4 15. Qe2 Ne5 16. Bc2 Qe8 17. f4 Ng6 18. Bxf6 Bxf6 19. Rxd6 Bxc3 20. bxc3 Kh8 21. Rg1 Rf6 22. f5 Nf8 23. fxe6 Qe7 24. Qd3 Rxe6 25. Rxe6 Qxe6 26. Kb1 Qf6 27. Rd1 Re8 28. Rd2 g6 29. f4 Kg7 30. Bb3 Qf5 31. Qxf5 gxf5 32. Rd5 Rxe3 33. Rxf5 Re7 34. Bc4 Nd7 35. Kc2 Nf6 36. h3 Re3 37. h4 Rh3 38. Re5 Rxh4 39. Re7+ Kh8 40. Rxa7 Rxf4 41. Kb3 h5 42. Rf7 h4 43. Be6 b5 44. Rb7 Re4 45. Bc8 c4+ 46. Ka3 Nd5 47. Rxb5 Nxc3 48. Rb7 Nd5 49. Bf5 Re3+ 50. Ka4 Ne7 51. Bd7 Kg7 52. Kb4 c3 53. Kb3 Kf6 54. Rb4 1/2-1/2

[Event "Kstovo op"]
[Site "Kstovo"]
[Date "1994.??.??"]
[Round "1"]
[White "Sidorov, Anatoly"]
[Black "Brodsky, Michail"]
[Result "1/2-1/2"]
[WhiteElo "2365"]
[BlackElo "2545"]
[PlyCount "89"]
[EventDate "1994.08.??"]
[Source "ChessBase"]

1. d4 Nf6 2. c4 e6 3. Bg5 Bb4+ 4. Nd2 h6 5. Bh4 c5 6. a3 Bxd2+ 7. Qxd2 Nc6 8. Bxf6 Qxf6 9. dxc5 a5 10. Nf3 a4 11. e3 Qe7 12. Qd6 Ra5 13. Nd4 Rxc5 14. Qxe7+ Kxe7 15. b4 axb3 16. Nxb3 Re5 17. c5 d6 18. cxd6+ Kxd6 19. O-O-O+ Ke7 20. Kb2 Bd7 21. e4 b6 22. Bd3 g5 23. h4 Na5 24. Nd4 Rc8 25. hxg5 hxg5 26. Rc1 Rec5 27. Nf3 Bb5 28. Rxc5 Rxc5 29. Rd1 Nc4+ 30. Bxc4 Bxc4 31. Rc1 Rb5+ 32. Kc3 Be2 33. Nd4 Rc5+ 34. Kd2 Rxc1 35. Kxc1 Bf1 36. g3 Kd6 37. Kd2 g4 38. Nb3 Bc4 39. Nd4 Ba2 40. f4 gxf3 41. Nxf3 Bb1 42. Ke3 e5 43. g4 Bc2 44. g5 Bd1 45. Ne1 1/2-1/2

[Event "Skanska"]
[Site "?"]
[Date "2005.06.31"]
[Round "1"]
[White "Bernasek Jan"]
[Black "Laznicka Viktor"]
[Result "1/2-1/2"]
[WhiteElo "2428"]
[BlackElo "2480"]
[PlyCount "48"]
[EventDate "2005.??.??"]
[Source "www.chesslib.no"]
[SourceDate "2004.05.04"]

1. d4 Nf6 2. c4 e6 3. Bg5 h6 4. Bh4 b6 5. Nc3 Bb7 6. e3 Bb4 7. f3 c5 8. a3 Ba5 9. Rc1 O-O 10. Bd3 d5 11. Nge2 Nbd7 12. O-O cxd4 13. Nxd4 Bxc3 14. Rxc3 Ne5 15. cxd5 Nxd3 16. Qxd3 Qxd5 17. Bxf6 gxf6 18. Rfc1 Rfd8 19. Qe2 Rd7 20. b4 a6 21. Rc7 Rad8 22. Rxd7 Rxd7 23. Qc4 Qg5 24. Qe2 f5 1/2-1/2

[Event "Nationale I"]
[Site "Bordeaux"]
[Date "2003.04.05"]
[Round "6.5"]
[White "Efimov, Igor"]
[Black "Vallin, Guillaume"]
[Result "1/2-1/2"]
[WhiteElo "2480"]
[BlackElo "2412"]
[PlyCount "125"]
[EventDate "2003.04.03"]
[Source "Roberto Alvarez"]
[SourceDate "2003.04.07"]

1. d4 e6 2. c4 Nf6 3. Bg5 Bb4+ 4. Nd2 h6 5. Bh4 b6 6. f3 Bb7 7. e4 Bxd2+ 8. Qxd2 Nxe4 9. Bxd8 Nxd2 10. Bxc7 Nxf1 11. Kxf1 Ba6 12. Bd6 Bxc4+ 13. Kf2 Nc6 14. b3 Ba6 15. Nh3 Nxd4 16. Be5 Nf5 17. g4 f6 18. Bb2 Ne7 19. Nf4 e5 20. Ba3 Nc6 21. Rhe1 Kf7 22. Nd5 Rac8 23. Rad1 Rhe8 24. Ne3 Rcd8 25. Rd2 d5 26. Rc1 Bb7 27. Rxd5 Rxd5 28. Nxd5 Rd8 29. Nb4 Nb8 30. Ke3 Rd7 31. h4 Ke6 32. h5 a5 33. Nd3 Nc6 34. f4 exf4+ 35. Nxf4+ Kf7 36. Ng6 Rd5 37. Rc2 b5 38. Bb2 f5 39. Nf4 Rd7 40. gxf5 Ne7 41. Rc5 Bc6 42. Ng6 Rd5 43. Rc1 Bd7 44. Rc7 Ke8 45. Ra7 Rxf5 46. Ra8+ Nc8 47. Nf4 Kf7 48. Rxa5 Ne7 49. Ra7 Ke8 50. Ra8+ Kf7 51. Nd3 Nc6 52. Nf4 Ne7 53. Ra7 Ke8 54. Nd3 Rxh5 55. Ra8+ Nc8 56. Bxg7 Ke7 57. Ra6 Rh3+ 58. Kd4 Nd6 59. Be5 Nf5+ 60. Kc3 b4+ 61. Kc4 Rxd3 62. Kxd3 Bb5+ 63. Ke4 1/2-1/2

[Event "Corr"]
[Site "?"]
[Date "2002.06.15"]
[Round "?"]
[White "Peuraniemi Pertti (FIN)"]
[Black "Moessle Harald (GER)"]
[Result "1/2-1/2"]
[WhiteElo "2464"]
[BlackElo "2419"]
[PlyCount "74"]
[EventDate "2002.??.??"]
[Source "www.chesslib.no"]
[SourceDate "2004.05.04"]

1. d4 Nf6 2. c4 e6 3. Bg5 h6 4. Bh4 Bb4+ 5. Nd2 g5 6. Bg3 Ne4 7. Ngf3 h5 8. Qc2 Nxd2 9. Nxd2 Nc6 10. e3 h4 11. Be5 Bxd2+ 12. Kxd2 Nxe5 13. dxe5 d6 14. exd6 Qxd6+ 15. Qd3 Qe7 16. Qb3 e5 17. Be2 b6 18. Rhd1 Bd7 19. Ke1 g4 20. c5 Rd8 21. cxb6 axb6 22. Rac1 g3 23. h3 Qf6 24. f4 c5 25. Rd5 Be6 26. Qb5+ Kf8 27. Rxe5 Bd5 28. Kf1 Rh6 29. a3 Qc6 30. Qxc6 Bxc6 31. b4 cxb4 32. axb4 Rd2 33. e4 Rf6 34. b5 Bd7 35. Ke1 Rd4 36. Bf3 Rxf4 37. Ke2 Rb4 1/2-1/2

[Event "Yemen op 1st"]
[Site "Sanaa"]
[Date "2002.10.11"]
[Round "6"]
[White "Husari, Sate"]
[Black "Ghaem Maghami, Ehsan"]
[Result "0-1"]
[WhiteElo "2358"]
[BlackElo "2511"]
[PlyCount "84"]
[EventDate "2002.10.04"]
[Source "ChessBase"]
[SourceDate "2002.11.06"]

1. d4 Nf6 2. c4 e6 3. Bg5 c5 4. d5 exd5 5. cxd5 d6 6. Nc3 Be7 7. Nf3 O-O 8. e4 Bg4 9. Be3 Nbd7 10. Be2 a6 11. Nd2 Bxe2 12. Qxe2 b5 13. O-O Re8 14. a4 b4 15. Nd1 a5 16. f3 Nb6 17. b3 Nfd7 18. Rc1 f5 19. Bf4 Bf8 20. Qd3 Qf6 21. Bg3 f4 22. Bf2 Ne5 23. Qc2 g5 24. Kh1 Bg7 25. Bg1 Rac8 26. Nb2 Nxf3 27. Nxf3 Qxb2 28. Nxg5 Qxc2 29. Rxc2 Re5 30. h4 h6 31. Ne6 Rxe4 32. Rxf4 Rxf4 33. Nxf4 Re8 34. g3 Re1 35. Kg2 Nxa4 36. Nd3 Rd1 37. Nf2 Rb1 38. Ne4 Rxb3 39. Nxd6 Rd3 40. Nb7 b3 41. Nxc5 Nxc5 42. Rxc5 b2 0-1

[Event "FRA-chT2"]
[Site "?"]
[Date "2002.03.24"]
[Round "11.1"]
[White "Nguyen Chi Minh"]
[Black "Chuchelov Vladimir"]
[Result "0-1"]
[WhiteElo "2262"]
[BlackElo "2600"]
[PlyCount "74"]
[EventDate "2002.??.??"]
[Source "www.chesslib.no"]
[SourceDate "2004.05.04"]

1. d4 Nf6 2. c4 e6 3. Bg5 Bb4+ 4. Nd2 c5 5. a3 Bxd2+ 6. Qxd2 cxd4 7. Qxd4 Nc6 8. Qd6 Ne4 9. Bxd8 Nxd6 10. c5 Ne4 11. Bc7 Nxc5 12. b4 Ne4 13. f3 Nf6 14. Bd6 Nd4 15. O-O-O Nf5 16. Bf4 Nd5 17. Nh3 Nxf4 18. Nxf4 a5 19. b5 d5 20. e4 dxe4 21. fxe4 Ne3 22. Rd3 Ng4 23. Rd2 Bd7 24. h3 Ne5 25. a4 Ke7 26. Be2 Rhc8+ 27. Kb2 Nc4+ 28. Bxc4 Rxc4 29. Rhd1 Be8 30. Rd4 Rac8 31. R1d2 f6 32. Ne2 e5 33. Rxc4 Rxc4 34. Nc3 Bf7 35. Kc2 Bg6 36. Kb3 Rb4+ 37. Ka3 Bxe4 0-1

[Event "Europa ch 2008"]
[Site "Plovdiv BUL"]
[Date "2008.04.27"]
[Round "7.121"]
[White "Efimov, Igor"]
[Black "Vehi Bach, Victor M"]
[Result "0-1"]
[WhiteElo "2469"]
[BlackElo "2381"]
[PlyCount "46"]
[EventDate "2008.04.21"]
[Source "www.chesslib.no"]
[SourceDate "2004.05.04"]

1. d4 Nf6 2. c4 e6 3. Bg5 h6 4. Bh4 Bb4+ 5. Nd2 g5 6. Bg3 Ne4 7. Ngf3 h5 8. h4 g4 9. a3 Nxg3 10. fxg3 Bd6 11. Ne5 Nc6 12. Ne4 Nxe5 13. c5 Nc4 14. Qb3 f5 15. Nf2 b6 16. cxd6 Nxd6 17. d5 exd5 18. Qxd5 Bb7 19. Qe5+ Kf7 20. O-O-O Qf6 21. Qf4 Rae8 22. e3 Qe5 23. Bc4+ Kf8 0-1

[Event "Odivelas 1st"]
[Site "Odivelas"]
[Date "2000.11.28"]
[Round "1"]
[White "Dias, Paulo"]
[Black "Ikonnikov, Vyacheslav"]
[Result "1/2-1/2"]
[WhiteElo "2302"]
[BlackElo "2548"]
[PlyCount "101"]
[EventDate "2000.11.28"]
[Source "ChessBase"]
[SourceDate "2001.01.11"]

1. d4 Nf6 2. c4 e6 3. Bg5 Bb4+ 4. Nd2 d6 5. Ngf3 Nbd7 6. e3 h6 7. Bh4 e5 8. a3 Bxd2+ 9. Nxd2 Qe7 10. Be2 O-O 11. O-O Re8 12. dxe5 dxe5 13. Qc2 Nf8 14. Rfd1 Ng6 15. Bg3 Bd7 16. b4 Rad8 17. f3 Bc8 18. Bf2 a6 19. Bf1 Nh7 20. c5 Nhf8 21. a4 f5 22. b5 axb5 23. axb5 Kh8 24. b6 cxb6 25. cxb6 e4 26. fxe4 fxe4 27. Be2 Bd7 28. Qc7 Bc6 29. Nc4 Rxd1+ 30. Rxd1 Qf6 31. Na5 Ne6 32. Qg3 Ne5 33. Nxc6 Nxc6 34. Bb5 Nc5 35. h3 Nd3 36. Bxd3 exd3 37. Rxd3 Ne5 38. Rd5 Nc4 39. Qf4 Nxb6 40. Qxf6 gxf6 41. Rd6 Nc4 42. Rxf6 Kg7 43. Rf3 Kg6 44. g4 h5 45. gxh5+ Kxh5 46. Kg2 b5 47. Rf5+ Kg6 48. Rxb5 Nxe3+ 49. Kf3 Nf5 50. Kf4 Rf8 51. Rb6+ 1/2-1/2

[Event "Tch (Men) 2005/2006 NED"]
[Site "?"]
[Date "2005.10.15"]
[Round "2"]
[White "Piceu Tom"]
[Black "Van der Wiel John TH"]
[Result "0-1"]
[WhiteElo "2345"]
[BlackElo "2503"]
[PlyCount "54"]
[EventDate "2005.??.??"]
[Source "www.chesslib.no"]
[SourceDate "2004.05.04"]

1. d4 Nf6 2. c4 e6 3. Bg5 h6 4. Bxf6 Qxf6 5. Nc3 Bb4 6. Qb3 c5 7. Nf3 Nc6 8. e3 b6 9. Bd3 Bb7 10. O-O Na5 11. Qd1 Bxf3 12. Qxf3 Qxf3 13. gxf3 cxd4 14. Nb5 dxe3 15. Nc7+ Ke7 16. Nxa8 exf2+ 17. Kxf2 Rxa8 18. Ke2 Bd6 19. h3 Rc8 20. b3 Rc5 21. Be4 Rh5 22. Rh1 Re5 23. Kd2 f5 24. Bd3 Nc6 25. f4 Bb4+ 26. Kc2 Re3 27. Rad1 Rf3 0-1